लाइब्रेरियन परीक्षा मैनुअल / (Record no. 61783)

MARC details
000 -LEADER
fixed length control field 00730nam a22001817a 4500
005 - DATE AND TIME OF LATEST TRANSACTION
control field 20120202103724.0
020 ## - INTERNATIONAL STANDARD BOOK NUMBER
Terms of availability 185.00
International Standard Book Number 8186351795
035 ## - SYSTEM CONTROL NUMBER
System control number B-82165
037 ## - SOURCE OF ACQUISITION
Source of stock number/acquisition
Stock number dpl
082 ## - DEWEY DECIMAL CLASSIFICATION NUMBER
Classification number 020
100 ## - MAIN ENTRY--PERSONAL NAME
Personal name माथुर, एल.आर.
245 1# - TITLE STATEMENT
Title लाइब्रेरियन परीक्षा मैनुअल /
Statement of responsibility, etc एल.आर.माथुर
260 ## - PUBLICATION, DISTRIBUTION, ETC. (IMPRINT)
Place of publication, distribution, etc जयपुर
Name of publisher, distributor, etc एच.जी.पब्लिकेशन
Date of publication, distribution, etc 2003
270 ## - ADDRESS
Address
City
Postal code
Telephone number
300 ## - PHYSICAL DESCRIPTION
Extent 363पृ.
Dimensions 25सेमी (अजिल्द)
942 ## - ADDED ENTRY ELEMENTS (KOHA)
Institution code [OBSOLETE] dpl
Item type Hindi Books
Call number prefix
Source of classification or shelving scheme Dewey Decimal Classification
Classification part 020
Call number suffix माथुर
Holdings
Withdrawn status Lost status Not for loan Collection code Home library Current library Date acquired Cost, normal purchase price Full call number Barcode Cost, replacement price Koha item type
      Non-fiction Sarojini Nagar Sarojini Nagar 02/02/2012 185.00 020 माथुर B-82165 185.00 Hindi Books

© Delhi Public Library
Hit Counter
free hit counter